000 00430nam a2200157Ia 4500
003 GCL
008 140319s9999 xx 000 0 eng d
040 _aGCL /
_cGCL
082 0 4 _a792.0321
_bB C
100 1 _aBANHAN, MARTIN
245 1 0 _aThe Cambridge guide to World Theatre /
_cBANHAN, MARTIN
260 _a[S.N] :
_bCAMLRIDGE UNIVERSITY PRESS ،
_c1982
300 _a1104
650 0 4 _aTHEATER - DICTIONARY
942 _2ddc
_cBK
999 _c17276
_d17276